100 ucapan perbuatan dan diam Nabi SAW

Bibliographic Details
Main Author: Al Kamal, Malik Suheil
Other Authors: Abu Ahmad Zakaria
Format: Book
Published: Selangor : Pustaka Ilmi , 2002
Subjects:

MARC

LEADER 00000cam a2200000 7i4500
001 0000014450
005 20220624.0
020 |a 9830983021 
040 |a INS 
090 0 0 |a BP75.3   |b A45 2002 
100 1 |a Al Kamal, Malik Suheil 
245 1 0 |a 100 ucapan perbuatan dan diam Nabi SAW   |c [pengarang Maulana Malik bin Suheil al Kamal] ; [penterjemah] Abu Ahmad Zakaria 
260 |a Selangor :   |b Pustaka Ilmi ,   |c 2002 
300 |a xiii, 424p. ;   |c 21cm. 
600 0 0 |a Muhammad,Prophet, d. 632   |x Biography 
650 0 |a Islam   |x Costums and practices 
700 0 |a Abu Ahmad Zakaria 
999 |a 0000014392   |b BOOK   |c Open Shelf   |e Default branch